Fr. Conceicao Rodrigues College of Engineering

Business Intlelligence:Datamining and optimization for decision making (Record no. 32828)

MARC details
000 -LEADER
fixed length control field 00382nam a2200157Ia 4500
082 ## - DEWEY DECIMAL CLASSIFICATION NUMBER
Classification number 5.74
Item number VER
100 ## - MAIN ENTRY--PERSONAL NAME
Personal name Vercellis/Carlo
245 ## - TITLE STATEMENT
Title Business Intlelligence:Datamining and optimization for decision making
260 ## - PUBLICATION, DISTRIBUTION, ETC.
Name of publisher, distributor, etc. Wiley Interscience
Date of publication, distribution, etc. 2009
366 ## - TRADE AVAILABILITY INFORMATION
Publishers's discount category 27
300 ## - PHYSICAL DESCRIPTION
Extent 417
546 ## - LANGUAGE NOTE
Language note ENGLISH
-- electronics
650 ## - SUBJECT ADDED ENTRY--TOPICAL TERM
Topical term or geographic name entry element Datamining
942 ## - ADDED ENTRY ELEMENTS (KOHA)
Koha item type BOOK
Holdings
Withdrawn status Lost status Damaged status Not for loan Collection Home library Current library Date acquired Source of acquisition Cost, normal purchase price Inventory number Total Checkouts Full call number Barcode Date last seen Cost, replacement price Price effective from Koha item type Date last checked out
        CRC Fr. Agnel's C.Rodrigues College of Engineering AGNEL TECHNICAL COLLEGE LIBRARY 17/03/2023 Allied Publishers 356.97 959 dt 13.10.2014 1 5.74 VER 23579 06/01/2024 489.00   BOOK 18/09/2023
        CRC Fr. Agnel's C.Rodrigues College of Engineering Fr. Agnel's C.Rodrigues College of Engineering 17/03/2023 Allied Publishers 356.97 959 dt 13.10.2014   5.74 VER 23578 11/02/2025 489.00   BOOK  
        CRC Fr. Agnel's C.Rodrigues College of Engineering Fr. Agnel's C.Rodrigues College of Engineering 17/03/2023 Allied Publishers 356.97 959 dt 13.10.2014   5.74 VER 23580 17/03/2023 489.00   BOOK  
        CRC Fr. Agnel's C.Rodrigues College of Engineering Fr. Agnel's C.Rodrigues College of Engineering 17/03/2023 Allied Publishers 356.97 959 dt 13.10.2014   5.74 VER 23581 17/03/2023 489.00   BOOK  
        CRC Fr. Agnel's C.Rodrigues College of Engineering Fr. Agnel's C.Rodrigues College of Engineering 17/03/2023 Allied Publishers 356.97 959 dt 13.10.2014   5.74 VER 23582 17/03/2023 489.00   BOOK